Vplyv Abenomiky na ekonomiku Japonska

Analýza Abenomiky, teda jednotlivých politík japonského premiéra Shinza Abeho a Bank of Japan, ktorými sa snaží vymaniť Japonsko z pasce likvidity a obnoviť jeho konkurencieschopnosť, a ich vplyvu na japonskú ekonomiku. Posúdenie alternatívnych riešení, ktoré sú v súčasnosti diskutované medzi odborn...

Ausführliche Beschreibung

Gespeichert in:
Bibliographische Detailangaben
1. Verfasser: Dráb, Ján
Weitere Verfasser: Očkajová, Paulína
Format: Buchkapitel
Sprache:Slowakisch
Schlagworte:
Tags: Tag hinzufügen
Keine Tags, Fügen Sie das erste Tag hinzu!

MARC

LEADER 00000nla a2200000 4500
001 0207279
005 20240502073437.7
041 0 |a slo 
044 |a SK 
245 1 0 |a Vplyv Abenomiky na ekonomiku Japonska  |c Ján Dráb, Paulína Očkajová 
520 |a Analýza Abenomiky, teda jednotlivých politík japonského premiéra Shinza Abeho a Bank of Japan, ktorými sa snaží vymaniť Japonsko z pasce likvidity a obnoviť jeho konkurencieschopnosť, a ich vplyvu na japonskú ekonomiku. Posúdenie alternatívnych riešení, ktoré sú v súčasnosti diskutované medzi odborníkmi a mohli by byť súčasťou japonskej hospodárskej politiky. 
610 2 0 |a situácia hospodárska 
610 2 0 |a politika menová 
610 2 0 |a deflácia 
610 2 0 |a Japonsko 
100 1 |a Dráb, Ján 
700 1 |a Očkajová, Paulína